Top 10 des pays avec les plus gros pénis - Statistiques

Statistiques générales
  • Ce quiz a été pris 330 fois
  • Le résultat moyen est 4 sur 10
Statistiques - réponses
Hint Réponse % Correct
15,3 cm France
87%
18 cm Congo
80%
16 cm Brésil
59%
17 cm Colombie
41%
15,7 cm Italie
40%
17,7 cm Equateur
28%
17 cm Venezuela
25%
17,3 cm Ghana
17%
17 cm Libéria
7%
16 cm Costa Rica
6%
Aucun quiz correspondant
Distribution des résultats
% des personnes avec chaque résultat
Percentile par nombre de réponses
Votre historique - résultats
Vous n’avez pas pris ce quiz